The Italians / (Record no. 943)

MARC details
000 -LEADER
fixed length control field 01596cam a2200361 i 4500
005 - DATE AND TIME OF LATEST TRANSACTION
control field 20260322212040.0
008 - FIXED-LENGTH DATA ELEMENTS--GENERAL INFORMATION
fixed length control field data
010 ## - LIBRARY OF CONGRESS CONTROL NUMBER
LC control number 2014038474
020 ## - INTERNATIONAL STANDARD BOOK NUMBER
International Standard Book Number 9780525428077
020 ## - INTERNATIONAL STANDARD BOOK NUMBER
International Standard Book Number 0525428070
040 ## - CATALOGING SOURCE
Original cataloging agency DLC
Language of cataloging eng
Transcribing agency DLC
Description conventions rda
Modifying agency DLC
042 ## - AUTHENTICATION CODE
Authentication code pcc
043 ## - GEOGRAPHIC AREA CODE
Geographic area code e-it---
050 00 - LIBRARY OF CONGRESS CALL NUMBER
Classification number DG451
Item number .H66 2015
082 00 - DEWEY DECIMAL CLASSIFICATION NUMBER
Classification number 945.093
Edition information 23
092 ## - LOCALLY ASSIGNED DEWEY CALL NUMBER (OCLC)
Classification number 945.093 HOO 2015
001 - CONTROL NUMBER
control field data
100 1# - MAIN ENTRY--PERSONAL NAME
Personal name Hooper, John,
Dates associated with a name 1950-
245 14 - TITLE STATEMENT
Title The Italians /
Statement of responsibility, etc. John Hooper.
264 #1 - PRODUCTION, PUBLICATION, DISTRIBUTION, MANUFACTURE, AND COPYRIGHT NOTICE
Place of production, publication, distribution, manufacture New York :
Name of producer, publisher, distributor, manufacturer Viking,
Date of production, publication, distribution, manufacture, or copyright notice 2015.
300 ## - PHYSICAL DESCRIPTION
Extent xvii, 316 pages :
Other physical details illustrations, maps ;
Dimensions 24 cm
336 ## - CONTENT TYPE
Content type term text
Content type code txt
Source rdacontent
337 ## - MEDIA TYPE
Media type term unmediated
Media type code n
Source rdamedia
338 ## - CARRIER TYPE
Carrier type term volume
Carrier type code nc
Source rdacarrier
504 ## - BIBLIOGRAPHY, ETC. NOTE
Bibliography, etc. note Includes bibliographical references and index.
505 0# - FORMATTED CONTENTS NOTE
Formatted contents note The beautiful country -- A violent past -- Echoes and reverberations -- A hall of mirrors -- Fantasia -- Face values --Life as art -- Gnocchi on Thursdays -- Holy orders -- Le Italiane attitudes change -- Lovers and sons -- Family matters -- People who don't dance -- Taking sides -- Restrictive practices -- Of Mafias and Mafiosi -- Temptation and tangenti -- Pardon and justice -- Questions of identity.
650 #0 - SUBJECT ADDED ENTRY--TOPICAL TERM
Topical term or geographic name entry element Italians
General subdivision Ethnic identity.
651 #0 - SUBJECT ADDED ENTRY--GEOGRAPHIC NAME
Geographic name Italy
General subdivision Civilization
Chronological subdivision 1945-
651 #0 - SUBJECT ADDED ENTRY--GEOGRAPHIC NAME
Geographic name Italy
General subdivision Social conditions
Chronological subdivision 1994-
906 ## - LOCAL DATA ELEMENT F, LDF (RLIN)
a 7
b cbc
c orignew
d 1
e ecip
f 20
g y-gencatlg
925 0# -
-- acquire
-- 1 shelf copy
-- policy default
955 ## - COPY-LEVEL INFORMATION (RLIN)
-- xl03 2015-01-21
-- rf10 2015-02-24 telework CIP ver. to CALM
Holdings
Withdrawn status Lost status Damaged status Not for loan Home library Current library Shelving location Date acquired Total checkouts Full call number Barcode Date last seen Price effective from Koha item type
        Centerville Centerville General stacks 22/03/2026   945.093 23 BC0010975 22/03/2026 22/03/2026 Books